Cette ville a-t-elle un métro ? - Statistiques

Statistiques générales
  • Ce quiz a été pris 212 fois
  • Le résultat moyen est 4 sur 6
Answers on the Grid
Answers color-coded by a green-red scale on the quiz's grid according to % correct below.
Paris
Nice
Rennes
Strasbourg
Montpellier
Marseille
Reims
Toulouse
Lyon
Nantes
Bordeaux
Lille
 
Statistiques - réponses
Réponse % Correct
Paris
97%
Lyon
84%
Marseille
74%
Lille
63%
Toulouse
61%
Rennes
47%
Aucun quiz correspondant
Distribution des résultats
% des personnes avec chaque résultat
Percentile par nombre de réponses
Votre historique - résultats
Vous n’avez pas pris ce quiz